<?xml version="1.0" encoding="UTF-8"?>
<marc:record xmlns:marc="http://www.loc.gov/MARC21/slim">
   <marc:leader>00000nam a2200000 a 4500</marc:leader>
   <marc:datafield ind1="1" ind2=" " tag="100">
      <marc:subfield code="a">Hoßfeld, Dagmar</marc:subfield>
      <marc:subfield code="4">aut</marc:subfield>
      <marc:subfield code="e">Verfasser/-in</marc:subfield>
   </marc:datafield>
   <marc:datafield ind1="0" ind2="0" tag="245">
      <marc:subfield code="a">Reiterhof Erlengrund</marc:subfield>
   </marc:datafield>
   <marc:datafield ind1="0" ind2="0" tag="245">
      <marc:subfield code="c">Dagmar Hoßfeld</marc:subfield>
   </marc:datafield>
   <marc:datafield ind1=" " ind2="1" tag="264">
      <marc:subfield code="b">Carlsen</marc:subfield>
      <marc:subfield code="c">2013</marc:subfield>
   </marc:datafield>
   <marc:datafield ind1="1" ind2=" " tag="490">
      <marc:subfield code="a">Carlsen</marc:subfield>
   </marc:datafield>
   <marc:datafield ind1="1" ind2=" " tag="520">
      <marc:subfield code="a">Angaben aus der Verlagsmeldung

Reiterhof Erlengrund, Band 4: Das Fohlen Filina Reiterhof Erlengrund: Das Fohlen Filina / von Dagmar Hoßfeld

Die Neue auf Hof Erlengrund, Felicitas Dubberstein, ist wahnsinnig arrogant. Außerdem behandelt sie ihren edlen Trakehner-Wallach Bailando nicht gerade liebevoll. Mia entdeckt sogar scharfe Sporen an Felicitas' Reitstiefeln! Eine schöne Abwechslung ist dagegen, dass die Stute Filigrande ein Fohlen erwartet. Gespannt beobachtet Mia, wie sie immer dicker wird. Doch eines Tages gibt es ein Unwetter - und nur Mia ist noch bei Filigrande auf der Weide, als plötzlich die Geburt einsetzt.
</marc:subfield>
   </marc:datafield>
   <marc:datafield ind1=" " ind2=" " tag="020">
      <marc:subfield code="a">9783551310224</marc:subfield>
      <marc:subfield code="9">9783551310224</marc:subfield>
   </marc:datafield>
   <marc:datafield ind1=" " ind2=" " tag="020">
      <marc:subfield code="a">355131022X</marc:subfield>
      <marc:subfield code="9">355131022X</marc:subfield>
   </marc:datafield>
</marc:record>
